Normal view
MARC view
- اربد - الاردن - تاريخ - اربد - الاردن - وصف رحلات
Entry Topical Term
001 - CONTROL NUMBER
- control field: 56588
003 - CONTROL NUMBER IDENTIFIER
- control field: JO-AjAnu
005 - DATE AND TIME OF LATEST TRANSACTION
- control field: 20230606083255.0
008 - FIXED-LENGTH DATA ELEMENTS
- fixed length control field: 230606|| aca||aabn | a|a d
040 ## - CATALOGING SOURCE
- Original cataloging agency: JO-AjAnu
- Transcribing agency: JO-AjAnu
150 ## - HEADING--TOPICAL TERM
- Topical term or geographic name entry element: اربد - الاردن - تاريخ - اربد - الاردن - وصف رحلات
670 ## - SOURCE DATA FOUND
- Source citation: Work cat.: (JO-AjAnu)28874: أبو الشعر، هند غسان, author 56587, اربد وجوارها: ( ناحية بني عبيد) 1850 - 1928م